000 01326cam a22003617a 4500
003 CHAP
005 20220817043738.0
008 010112d2000 mx o r 00110 spa d
010 _a83229
011 _a84201
035 _a94720
040 _cCHAP
090 _aTesis
100 0 0 _aBuendía Nieto, Ariel.
_915947
245 1 0 _aOpciones agroforestales para el desarrollo sostenible de citricultores de escasos recursos en el Estado de Veracruz
_c/por Ariel Buendía Nieto.
260 _aChapingo, Méx. :
_bEl autor,
_c2000.
300 _a125h. :
_bfots.; gráfs.; cuads.
502 _aTesis (M. en C. en Agroforestería para el Desarrollo Sostenible) -- UACH. Departamento de Fitotecnia.
590 _aALEPH
_b10
_c20130110
_lUCH01
_h1440
590 _aBATCH-UPD
_b10
_c20130110
_lUCH01
_h0815
590 _aBATCH-UPD
_b10
_c20130410
_lUCH01
_h0452
590 _aBATCH-UPD
_b10
_c20130913
_lUCH01
_h2211
590 _aBATCH-UPD
_b10
_c20130914
_lUCH01
_h2135
590 _aCONVERSION
_b10
_c20130109
_lUCH01
_h1346
650 1 4 _aAgricultura sustentable.
650 1 4 _aAgroforestería
_zVeracruz.
_92181
650 1 4 _aCitricultura
_xVeracruz.
_923499
901 _aBK
905 _aEdna Luz
942 _cFOLL
949 _bBC
_cTES
_d33724000809885
_eTS2
_fc.2
_h37790
_i94720
_si
949 _bBC
_cTES
_d947201
_eTS1
_h37789
_i94720
_sb
999 _c83229
_d83229